000
00250nam a2200109Ia 4500
005
20251222114412.0
008
251222s1900||||xx |||||||||||||| ||spa||
082
_a
DVD0110/A23/2004
245
0
_a
Shrek II
264
_b
DreamWorks Animation
942
_c
DVD
999
_c
2059
_d
2059